000 00691nam a2200253Ia 4500
003 OSt
005 20250424105205.0
008 210329s9999||||xx |||||||||||||| ||und||
020 _a0521784506
040 _cSTCPL
041 _aENG
082 _a519.5
_bVAN-A
100 _aVaart, A.W. Van Der
245 0 _aAsymptotic statistics /
_cby A.W. Van Der Vaart
260 _aLondon :
_bCambridge University Press ,
_c2000 .
300 _a443 p.
_bPB
490 _aCambridge series in statistical and probabilistic mathematics
650 _aDelta method
650 _aUniform delta method
650 _aRelative efficiency
942 _cBK
942 _2ddc
_n0
942 _2ddc
_n0
999 _c49187
_d49187